000 00810nam a2200181Ia 4500
008 090124s9999 xx 000 0 und d
082 _b130631
100 _aधुरु वसुमती
245 _a विपुल आणि विविध खाद्य पदार्थ (कैरी-अंबा-सफरचंद-पपई)
250 _a1
260 _c2001
300 _a100
600 _aधुरु वसुमती
630 _a विपुल आणि विविध खाद्य पदार्थ (कैरी-अंबा-सफरचंद-पपई)
700 _aधुरु वसुमती
730 _a विपुल आणि विविध खाद्य पदार्थ (कैरी-अंबा-सफरचंद-पपई)
942 _cBOOK
999 _c176720
_d176720